000 00393nam a22001457a 4500
003 OSt
005 20160727222546.0
008 160713b xxu||||| |||| 00| 0 eng d
040 _cGuided Reading: Making It Work
100 _92803
_a Schulman, M.B
245 _aGuided Reading: Making It Work
260 _aN.Y
_b Scholastic
_c2000
300 _aGuided Reading: Making It Work
942 _2ddc
_cBK
999 _c2406
_d2406